00659nam a2200229 a 4500001001300000003000900013005001700022008004100039020002300080082001300103100002400116245002100140260003200161300000800193500003500201650002300236700002400259902000800283942000700291952011400298999001700412nice12345678IN_TiNIC20260116014620.0070413s2004 newa grp 000 0 eng  a082647697X c39500a190bGAD aGadamer, Hans-Georg aTruth and Method aNew York bContinuum c2004 a601 aincludes index and biblioraphy aPhilosophy-Western1 aGadamer, Hans-Georg bSRS cBK 001040708StackRoom-aHMIbHMId2010-11-18g395.00l0o190 GADp021595r2010-11-18v395.00w2007-04-13yBK c16244d16244